[Event "DVM U10 2023"]
[Site "Magdeburg GER"]
[Date "2023.12.28"]
[Round "3"]
[White "Liu, Kairui"]
[Black "Dres, Friedrich"]
[Result "1/2-1/2"]
[Termination "normal"]
[Board "14.2"]
[WhiteElo "1192"]
[BlackElo "1007"]
[WhiteClock "00:03:54"]
[BlackClock "00:30:33"]
[WhiteTeam "Karlsruher SF 1853"]
[BlackTeam "SG Trier 1877"]
[PlyCount "140"]
[WhiteFideId "34660534"]
[EventCountry "GER"]
[EventRounds "7"]
[EventType "team-swiss"]
[EventDate "2023.12.27"]

1. e4 {[%clk 00:55:08]} {[%emt 00:00:01]} d5 {[%clk 00:55:03]} {[%emt
00:00:07]} 2. exd5 {[%clk 00:55:07]} {[%emt 00:00:07]} Qxd5 {[%clk 00:54:58]}
{[%emt 00:00:09]} 3. Nc3 {[%clk 00:55:03]} {[%emt 00:00:09]} Qa5 {[%clk
00:54:57]} {[%emt 00:00:06]} 4. d4 {[%clk 00:54:45]} {[%emt 00:00:23]} c6
{[%clk 00:54:56]} {[%emt 00:00:06]} 5. Bd2 {[%clk 00:54:09]} {[%emt 00:00:41]}
Qc7 {[%clk 00:54:48]} {[%emt 00:00:14]} 6. Qf3 {[%clk 00:53:06]} {[%emt
00:01:08]} Nf6 {[%clk 00:54:39]} {[%emt 00:00:14]} 7. O-O-O {[%clk 00:52:46]}
{[%emt 00:00:25]} Bg4 {[%clk 00:54:33]} {[%emt 00:00:11]} 8. Qd3 {[%clk
00:52:00]} {[%emt 00:00:51]} Bxd1 {[%clk 00:54:23]} {[%emt 00:00:14]} 9. Kxd1
{[%clk 00:51:54]} {[%emt 00:00:11]} e6 {[%clk 00:54:10]} {[%emt 00:00:18]} 10.
Be2 {[%clk 00:51:18]} {[%emt 00:00:41]} Bd6 {[%clk 00:52:47]} {[%emt 00:01:28]}
11. Nf3 {[%clk 00:50:41]} {[%emt 00:00:43]} O-O {[%clk 00:52:34]} {[%emt
00:00:17]} 12. Bg5 {[%clk 00:50:02]} {[%emt 00:00:44]} Be7 {[%clk 00:52:28]}
{[%emt 00:00:11]} 13. h4 {[%clk 00:48:37]} {[%emt 00:01:30]} Ng4 {[%clk
00:52:22]} {[%emt 00:00:11]} 14. Be3 {[%clk 00:48:00]} {[%emt 00:00:41]} c5
{[%clk 00:51:55]} {[%emt 00:00:33]} 15. Ng5 {[%clk 00:45:57]} {[%emt 00:02:08]}
Bxg5 {[%clk 00:51:10]} {[%emt 00:00:49]} 16. hxg5 {[%clk 00:45:46]} {[%emt
00:00:16]} Nxe3+ {[%clk 00:51:02]} {[%emt 00:00:14]} 17. fxe3 {[%clk 00:45:32]}
{[%emt 00:00:19]} g6 {[%clk 00:50:49]} {[%emt 00:00:18]} 18. Ne4 {[%clk
00:44:54]} {[%emt 00:00:43]} Nd7 {[%clk 00:50:23]} {[%emt 00:00:31]} 19. Qc3
{[%clk 00:42:28]} {[%emt 00:02:31]} Qc6 {[%clk 00:49:57]} {[%emt 00:00:31]} 20.
Bf3 {[%clk 00:42:10]} {[%emt 00:00:23]} Qc8 {[%clk 00:49:23]} {[%emt 00:00:39]}
21. dxc5 {[%clk 00:40:39]} {[%emt 00:01:35]} Rd8 {[%clk 00:49:14]} {[%emt
00:00:15]} 22. Ke2 {[%clk 00:40:14]} {[%emt 00:00:31]} e5 {[%clk 00:48:30]}
{[%emt 00:00:48]} 23. Nd6 {[%clk 00:39:21]} {[%emt 00:00:57]} Qxc5 {[%clk
00:48:03]} {[%emt 00:00:32]} 24. Qxc5 {[%clk 00:37:01]} {[%emt 00:02:25]} Nxc5
{[%clk 00:47:38]} {[%emt 00:00:31]} 25. Nc4 {[%clk 00:36:28]} {[%emt 00:00:38]}
e4 {[%clk 00:47:32]} {[%emt 00:00:11]} 26. Bg4 {[%clk 00:35:40]} {[%emt
00:00:53]} f5 {[%clk 00:47:22]} {[%emt 00:00:15]} 27. gxf6 {[%clk 00:35:11]}
{[%emt 00:00:32]} Rf8 {[%clk 00:46:52]} {[%emt 00:00:37]} 28. Rf1 {[%clk
00:34:35]} {[%emt 00:00:41]} h5 {[%clk 00:45:57]} {[%emt 00:01:00]} 29. Bh3
{[%clk 00:33:52]} {[%emt 00:00:48]} g5 {[%clk 00:44:50]} {[%emt 00:01:12]} 30.
g3 {[%clk 00:33:03]} {[%emt 00:00:53]} g4 {[%clk 00:44:19]} {[%emt 00:00:36]}
31. Bg2 {[%clk 00:32:53]} {[%emt 00:00:15]} Rae8 {[%clk 00:43:58]} {[%emt
00:00:27]} 32. Rf5 {[%clk 00:31:11]} {[%emt 00:01:47]} Nd7 {[%clk 00:43:38]}
{[%emt 00:00:25]} 33. Rxh5 {[%clk 00:29:55]} {[%emt 00:01:21]} Nxf6 {[%clk
00:43:28]} {[%emt 00:00:14]} 34. Rb5 {[%clk 00:28:40]} {[%emt 00:01:21]} b6
{[%clk 00:43:14]} {[%emt 00:00:20]} 35. a4 {[%clk 00:27:20]} {[%emt 00:01:24]}
Nh7 {[%emt 00:01:07]} 36. Nd6 {[%emt 00:01:41]} Re6 {[%clk 00:41:57]} 37. Nxe4
{[%clk 00:25:47]} {[%emt 00:00:23]} Rfe8 {[%clk 00:41:30]} {[%emt 00:00:32]}
38. Nc3 {[%clk 00:22:01]} {[%emt 00:03:50]} Rxe3+ {[%clk 00:41:09]} {[%emt
00:00:26]} 39. Kf2 {[%clk 00:21:50]} {[%emt 00:00:16]} R3e5 {[%clk 00:40:27]}
{[%emt 00:00:46]} 40. Rb4 {[%clk 00:20:34]} {[%emt 00:01:22]} Rf5+ {[%clk
00:40:14]} {[%emt 00:00:18]} 41. Kg1 {[%clk 00:19:37]} {[%emt 00:01:02]} Ref8
{[%clk 00:39:52]} {[%emt 00:00:26]} 42. Nd1 {[%clk 00:17:12]} {[%emt 00:02:31]}
Ng5 {[%clk 00:38:22]} {[%emt 00:01:35]} 43. Rxg4 {[%clk 00:16:10]} {[%emt
00:02:25]} Kh7 {[%clk 00:38:07]} {[%emt 00:00:21]} 44. Ne3 {[%clk 00:15:11]}
{[%emt 00:01:03]} Nf3+ {[%clk 00:37:52]} {[%emt 00:00:19]} 45. Bxf3 {[%clk
00:13:21]} {[%emt 00:01:56]} Rxf3 {[%clk 00:37:47]} {[%emt 00:00:10]} 46. Rh4+
{[%clk 00:12:50]} {[%emt 00:00:36]} Kg7 {[%clk 00:37:41]} {[%emt 00:00:11]} 47.
Rg4+ {[%clk 00:12:42]} {[%emt 00:00:13]} Kf7 {[%clk 00:37:39]} {[%emt
00:00:08]} 48. Nc4 {[%clk 00:12:00]} {[%emt 00:00:47]} Ke8 {[%clk 00:37:24]}
{[%emt 00:00:19]} 49. Re4+ {[%clk 00:11:43]} {[%emt 00:00:22]} Kd8 {[%clk
00:37:21]} {[%emt 00:00:08]} 50. Rd4+ {[%clk 00:11:29]} {[%emt 00:00:18]} Kc7
{[%clk 00:37:19]} {[%emt 00:00:08]} 51. Ne5 {[%clk 00:10:47]} {[%emt 00:00:48]}
Rxg3+ {[%clk 00:37:06]} {[%emt 00:00:17]} 52. Kh2 {[%clk 00:10:33]} {[%emt
00:00:19]} Rg7 {[%clk 00:36:52]} {[%emt 00:00:18]} 53. Rh4 {[%clk 00:09:41]}
{[%emt 00:00:56]} Rf2+ {[%clk 00:36:47]} {[%emt 00:00:13]} 54. Kh3 {[%clk
00:08:58]} {[%emt 00:00:42]} Rxc2 {[%clk 00:36:28]} {[%emt 00:00:30]} 55. b3
{[%emt 00:01:07]} Rgg2 {[%clk 00:36:01]} {[%emt 00:00:30]} 56. Rh7+ {[%clk
00:07:30]} {[%emt 00:00:32]} Kd6 {[%clk 00:35:48]} {[%emt 00:00:18]} 57. Nc4+
{[%clk 00:06:50]} {[%emt 00:00:46]} Kc5 {[%clk 00:35:11]} {[%emt 00:00:41]} 58.
Rxa7 {[%clk 00:05:36]} {[%emt 00:01:19]} Rh2+ {[%clk 00:34:39]} {[%emt
00:00:28]} 59. Kg3 {[%clk 00:05:27]} {[%emt 00:00:23]} Rcg2+ {[%clk 00:34:27]}
{[%emt 00:00:17]} 60. Kf3 {[%clk 00:05:13]} {[%emt 00:00:20]} Rg6 {[%clk
00:33:44]} {[%emt 00:01:51]} 61. a5 {[%clk 00:04:34]} {[%emt 00:00:45]} Rh3+
{[%clk 00:33:27]} {[%emt 00:00:22]} 62. Kf2 {[%clk 00:04:17]} {[%emt 00:00:19]}
Rh5 {[%clk 00:33:16]} {[%emt 00:00:18]} 63. axb6 {[%clk 00:03:48]} {[%emt
00:00:34]} Rf5+ {[%clk 00:33:10]} {[%emt 00:00:11]} 64. Ke2 {[%clk 00:03:46]}
{[%emt 00:00:08]} Rg2+ {[%clk 00:32:48]} {[%emt 00:00:27]} 65. Kd3 {[%emt
00:00:22]} Rf3+ {[%clk 00:32:19]} {[%emt 00:00:32]} 66. Ke4 {[%clk 00:03:31]}
{[%emt 00:00:05]} Rxb3 {[%clk 00:32:10]} {[%emt 00:00:14]} 67. Rc7+ {[%clk
00:00:00]} {[%emt 00:00:56]} Kb4 {[%clk 00:31:48]} {[%emt 00:00:57]} 68. b7
{[%clk 00:05:06]} {[%emt 00:00:16]} Ka4 {[%clk 00:31:01]} 69. Kd5 {[%clk
00:04:19]} {[%emt 00:01:43]} Rb5+ {[%clk 00:30:50]} 70. Kd6 {[%clk 00:03:54]}
{[%emt 00:00:46]} Rg6+ {[%clk 00:30:33]} 1/2-1/2

[Event "DVM U10 2023"]
[Site "Magdeburg GER"]
[Date "2023.12.28"]
[Round "3"]
[White "Classen, Meara"]
[Black "Tomovski, Leon"]
[Result "1-0"]
[Termination "normal"]
[Board "14.3"]
[WhiteElo "1118"]
[BlackElo "1066"]
[WhiteClock "00:05:08"]
[BlackClock "00:34:59"]
[WhiteTeam "SG Trier 1877"]
[BlackTeam "Karlsruher SF 1853"]
[PlyCount "133"]
[WhiteFideId "34626956"]
[BlackFideId "34691790"]
[EventCountry "GER"]
[EventRounds "7"]
[EventType "team-swiss"]
[EventDate "2023.12.27"]

1. e4 {[%clk 00:55:05]} {[%emt 00:00:04]} e5 {[%clk 00:55:06]} {[%emt
00:00:04]} 2. Nf3 {[%clk 00:55:00]} {[%emt 00:00:10]} Nc6 {[%clk 00:55:03]}
{[%emt 00:00:08]} 3. Bb5 {[%clk 00:54:47]} {[%emt 00:00:19]} Bc5 {[%clk
00:54:57]} {[%emt 00:00:10]} 4. O-O {[%clk 00:54:17]} {[%emt 00:00:35]} Nf6
{[%clk 00:54:57]} {[%emt 00:00:05]} 5. Nxe5 {[%emt 00:00:59]} Nxe5 {[%clk
00:54:51]} {[%emt 00:00:03]} 6. d4 {[%emt 00:00:27]} Bd6 {[%clk 00:54:28]}
{[%emt 00:00:13]} 7. dxe5 {[%clk 00:53:09]} {[%emt 00:00:21]} Bxe5 {[%emt
00:00:52]} 8. Nc3 {[%clk 00:52:26]} {[%emt 00:00:04]} a6 {[%clk 00:54:15]}
{[%emt 00:00:16]} 9. Ba4 {[%emt 00:00:54]} b5 {[%emt 00:00:12]} 10. Bb3 {[%clk
00:51:27]} {[%emt 00:00:10]} O-O {[%emt 00:01:02]} 11. Bg5 {[%emt 00:00:43]} h6
{[%clk 00:53:25]} {[%emt 00:00:13]} 12. Bh4 {[%clk 00:49:41]} {[%emt 00:00:54]}
c5 {[%emt 00:01:22]} 13. a3 {[%clk 00:48:39]} {[%emt 00:00:06]} c4 {[%emt
00:00:08]} 14. Ba2 {[%clk 00:48:30]} {[%emt 00:00:13]} Bb7 {[%emt 00:01:01]}
15. Re1 {[%emt 00:00:47]} Qc7 {[%clk 00:52:01]} {[%emt 00:00:06]} 16. h3 {[%clk
00:46:19]} {[%emt 00:01:37]} Qa5 {[%clk 00:50:44]} {[%emt 00:01:29]} 17. Nd5
{[%clk 00:43:53]} {[%emt 00:02:31]} Bxd5 {[%clk 00:50:11]} {[%emt 00:00:38]}
18. exd5 {[%clk 00:42:27]} {[%emt 00:01:28]} Bxb2 {[%clk 00:50:05]} {[%emt
00:00:14]} 19. Rb1 {[%clk 00:41:44]} {[%emt 00:00:39]} Qxa3 {[%clk 00:49:22]}
{[%emt 00:00:57]} 20. Bxc4 {[%clk 00:39:05]} {[%emt 00:02:44]} bxc4 {[%clk
00:49:06]} {[%emt 00:00:20]} 21. Qe2 {[%clk 00:35:26]} {[%emt 00:03:40]} Rfe8
{[%clk 00:48:39]} {[%emt 00:00:37]} 22. Qxc4 {[%clk 00:33:14]} {[%emt
00:02:16]} Rxe1+ {[%clk 00:48:18]} {[%emt 00:00:28]} 23. Rxe1 {[%clk 00:32:43]}
Qc3 {[%clk 00:48:17]} {[%emt 00:00:40]} 24. Qe2 {[%clk 00:31:18]} {[%emt
00:01:29]} Re8 {[%clk 00:48:04]} {[%emt 00:00:18]} 25. Qxe8+ {[%clk 00:29:06]}
Nxe8 {[%clk 00:47:51]} {[%emt 00:02:36]} 26. Rxe8+ {[%clk 00:28:52]} {[%emt
00:00:20]} Kh7 {[%clk 00:47:43]} {[%emt 00:00:14]} 27. Re7 {[%clk 00:26:43]}
{[%emt 00:02:13]} Qxc2 {[%emt 00:00:25]} 28. Rxd7 {[%clk 00:26:07]} {[%emt
00:00:35]} Qd1+ {[%clk 00:47:07]} {[%emt 00:00:27]} 29. Kh2 {[%clk 00:25:52]}
{[%emt 00:00:18]} Be5+ {[%clk 00:46:59]} {[%emt 00:00:14]} 30. Bg3 {[%clk
00:23:32]} {[%emt 00:02:23]} Bxg3+ {[%clk 00:46:56]} {[%emt 00:00:10]} 31. fxg3
{[%clk 00:23:07]} {[%emt 00:00:30]} a5 {[%clk 00:46:19]} {[%emt 00:00:43]} 32.
d6 {[%clk 00:22:53]} {[%emt 00:00:18]} a4 {[%clk 00:46:12]} {[%emt 00:00:13]}
33. Rd8 {[%clk 00:22:14]} {[%emt 00:00:44]} a3 {[%clk 00:45:10]} {[%emt
00:01:07]} 34. d7 {[%clk 00:22:04]} {[%emt 00:00:15]} a2 {[%clk 00:45:09]}
{[%emt 00:00:06]} 35. Ra8 {[%clk 00:21:48]} {[%emt 00:00:19]} Qxd7 {[%clk
00:45:06]} {[%emt 00:00:09]} 36. Rxa2 {[%clk 00:21:37]} {[%emt 00:00:17]} g5
{[%clk 00:44:59]} {[%emt 00:00:12]} 37. Rc2 {[%clk 00:19:50]} {[%emt 00:01:52]}
g4 {[%clk 00:44:44]} {[%emt 00:00:20]} 38. h4 {[%clk 00:19:24]} {[%emt
00:00:30]} f5 {[%clk 00:44:11]} {[%emt 00:00:39]} 39. Rf2 {[%clk 00:18:16]}
{[%emt 00:01:11]} Qd5 {[%clk 00:43:56]} {[%emt 00:00:22]} 40. Rf4 {[%clk
00:16:41]} {[%emt 00:01:38]} h5 {[%clk 00:43:36]} {[%emt 00:00:26]} 41. Kh1
{[%clk 00:16:29]} {[%emt 00:00:16]} Qd3 {[%clk 00:42:58]} {[%emt 00:00:42]} 42.
Kh2 {[%clk 00:16:17]} {[%emt 00:00:16]} Qe3 {[%clk 00:42:44]} {[%emt 00:00:23]}
43. Rxf5 {[%clk 00:15:11]} {[%emt 00:01:11]} Kg6 {[%clk 00:42:37]} {[%emt
00:00:11]} 44. Rf1 {[%clk 00:14:43]} {[%emt 00:00:33]} Qe2 {[%clk 00:41:42]}
{[%emt 00:00:59]} 45. Rf4 {[%clk 00:14:25]} {[%emt 00:00:22]} Qe3 {[%clk
00:40:56]} {[%emt 00:00:50]} 46. Rf1 {[%clk 00:13:30]} {[%emt 00:01:00]} Qd3
{[%clk 00:40:23]} {[%emt 00:00:41]} 47. Rf4 {[%clk 00:13:13]} {[%emt 00:00:19]}
Qe2 {[%clk 00:40:03]} {[%emt 00:00:28]} 48. Rf8 {[%clk 00:12:41]} {[%emt
00:00:38]} Qe1 {[%clk 00:39:31]} {[%emt 00:00:36]} 49. Rg8+ {[%clk 00:11:19]}
{[%emt 00:01:27]} Kf7 {[%clk 00:39:09]} {[%emt 00:00:28]} 50. Rg5 {[%clk
00:10:58]} {[%emt 00:00:25]} Qe6 {[%clk 00:38:30]} {[%emt 00:00:43]} 51. Rxh5
{[%clk 00:10:13]} {[%emt 00:00:49]} Qg6 {[%clk 00:38:25]} {[%emt 00:00:12]} 52.
Rg5 {[%clk 00:10:01]} {[%emt 00:00:16]} Qe6 {[%clk 00:38:11]} {[%emt 00:00:20]}
53. Ra5 {[%clk 00:08:40]} {[%emt 00:01:27]} Qe1 {[%clk 00:37:47]} {[%emt
00:00:28]} 54. Rf5+ {[%clk 00:08:01]} {[%emt 00:00:43]} Ke6 {[%clk 00:37:32]}
{[%emt 00:00:21]} 55. Rf8 {[%clk 00:07:19]} {[%emt 00:00:46]} Qb4 {[%clk
00:37:03]} {[%emt 00:00:36]} 56. Re8+ {[%clk 00:06:48]} {[%emt 00:00:34]} Kf7
{[%clk 00:36:58]} {[%emt 00:00:11]} 57. Re2 {[%clk 00:06:35]} {[%emt 00:00:18]}
Qc5 {[%clk 00:36:50]} {[%emt 00:00:13]} 58. Re1 {[%clk 00:06:17]} {[%emt
00:00:22]} Qf2 {[%clk 00:36:38]} {[%emt 00:00:18]} 59. Re4 {[%clk 00:05:53]}
{[%emt 00:00:28]} Qf5 {[%clk 00:36:25]} {[%emt 00:00:19]} 60. Rf4 {[%clk
00:05:44]} {[%emt 00:00:14]} Qxf4 {[%clk 00:36:18]} {[%emt 00:00:13]} 61. gxf4
{[%clk 00:05:42]} {[%emt 00:00:07]} Kg6 {[%clk 00:36:10]} {[%emt 00:00:21]} 62.
Kg3 {[%clk 00:05:43]} {[%emt 00:00:57]} Kg7 {[%clk 00:36:07]} {[%emt 00:01:19]}
63. Kxg4 {[%clk 00:05:40]} {[%emt 00:00:12]} Kg6 {[%clk 00:35:52]} {[%emt
00:00:21]} 64. h5+ {[%clk 00:05:19]} {[%emt 00:00:26]} Kg7 {[%clk 00:35:48]}
{[%emt 00:00:09]} 65. Kg5 {[%clk 00:05:15]} {[%emt 00:00:09]} Kg8 {[%clk
00:35:13]} {[%emt 00:00:39]} 66. Kg6 {[%clk 00:05:11]} {[%emt 00:00:09]} Kh8
{[%clk 00:34:59]} {[%emt 00:00:19]} 67. f5 {[%clk 00:05:08]} 1-0

[Event "DVM U10 2023"]
[Site "Magdeburg GER"]
[Date "2023.12.28"]
[Round "3"]
[White "Willems, Lasse"]
[Black "Ivashchenko, Yurii"]
[Result "1-0"]
[Termination "normal"]
[Board "15.1"]
[WhiteElo "1133"]
[BlackElo "1394"]
[WhiteClock "00:29:43"]
[BlackClock "00:09:49"]
[WhiteTeam "SC Ramstein-Miesenbach"]
[BlackTeam "SG Leipzig"]
[PlyCount "75"]
[BlackFideId "34163735"]
[EventCountry "GER"]
[EventRounds "7"]
[EventType "team-swiss"]
[EventDate "2023.12.27"]

1. c4 {[%clk 00:55:05]} {[%emt 00:00:05]} Nf6 {[%clk 00:54:55]} {[%emt
00:00:16]} 2. g3 {[%clk 00:54:48]} {[%emt 00:00:21]} g6 {[%clk 00:54:54]}
{[%emt 00:00:06]} 3. Bg2 {[%clk 00:54:47]} {[%emt 00:00:06]} Bg7 {[%clk
00:54:52]} {[%emt 00:00:07]} 4. Nf3 {[%clk 00:54:28]} {[%emt 00:00:24]} d6
{[%clk 00:54:44]} {[%emt 00:00:13]} 5. d4 {[%clk 00:54:27]} {[%emt 00:00:07]}
O-O {[%clk 00:54:42]} {[%emt 00:00:07]} 6. O-O {[%clk 00:54:21]} {[%emt
00:00:11]} Nc6 {[%clk 00:54:05]} {[%emt 00:00:42]} 7. Nc3 {[%clk 00:53:56]}
{[%emt 00:00:29]} e5 {[%clk 00:53:49]} {[%emt 00:00:21]} 8. d5 {[%clk
00:53:54]} {[%emt 00:00:07]} Ne7 {[%clk 00:53:49]} {[%emt 00:00:05]} 9. Rb1
{[%clk 00:53:30]} {[%emt 00:00:30]} Bf5 {[%clk 00:52:47]} {[%emt 00:01:06]} 10.
Ra1 {[%clk 00:52:36]} {[%emt 00:00:58]} Qd7 {[%clk 00:51:36]} {[%emt 00:01:17]}
11. b4 {[%clk 00:51:10]} {[%emt 00:01:31]} Bh3 {[%clk 00:48:34]} {[%emt
00:03:06]} 12. e4 {[%clk 00:49:52]} {[%emt 00:01:24]} Bxg2 {[%clk 00:47:45]}
{[%emt 00:00:53]} 13. Kxg2 {[%clk 00:49:55]} {[%emt 00:00:03]} b6 {[%clk
00:43:17]} {[%emt 00:04:33]} 14. Re1 {[%clk 00:49:42]} {[%emt 00:00:18]} Nh5
{[%clk 00:41:20]} {[%emt 00:02:01]} 15. Be3 {[%clk 00:48:41]} {[%emt 00:01:06]}
f5 {[%clk 00:39:27]} {[%emt 00:01:58]} 16. Qa4 {[%clk 00:46:17]} {[%emt
00:02:30]} Qxa4 {[%clk 00:37:45]} {[%emt 00:01:47]} 17. Nxa4 {[%clk 00:46:19]}
{[%emt 00:00:02]} f4 {[%clk 00:36:15]} {[%emt 00:01:35]} 18. Bd2 {[%clk
00:45:36]} {[%emt 00:00:49]} fxg3 {[%clk 00:35:18]} {[%emt 00:01:00]} 19. hxg3
{[%clk 00:45:03]} {[%emt 00:00:39]} Rf7 {[%clk 00:34:48]} {[%emt 00:00:36]} 20.
Ng5 {[%clk 00:44:50]} {[%emt 00:00:17]} Rf6 {[%clk 00:33:01]} {[%emt 00:01:52]}
21. Ne6 {[%clk 00:44:34]} {[%emt 00:00:21]} h6 {[%clk 00:26:35]} {[%emt
00:06:31]} 22. c5 {[%clk 00:41:35]} {[%emt 00:03:05]} dxc5 {[%clk 00:24:56]}
{[%emt 00:01:43]} 23. bxc5 {[%clk 00:41:34]} {[%emt 00:00:06]} b5 {[%clk
00:23:43]} {[%emt 00:01:19]} 24. Nc3 {[%clk 00:40:54]} {[%emt 00:00:44]} c6
{[%clk 00:23:08]} {[%emt 00:00:41]} 25. Be3 {[%clk 00:33:20]} {[%emt 00:07:38]}
cxd5 {[%clk 00:21:36]} {[%emt 00:01:37]} 26. exd5 {[%clk 00:32:53]} {[%emt
00:00:32]} Nxd5 {[%clk 00:20:52]} {[%emt 00:00:49]} 27. Nxd5 {[%clk 00:32:49]}
{[%emt 00:00:09]} Rxe6 {[%clk 00:17:40]} {[%emt 00:03:17]} 28. Nc7 {[%clk
00:32:49]} {[%emt 00:00:06]} Rae8 {[%clk 00:17:43]} {[%emt 00:00:02]} 29. Nxe8
{[%clk 00:32:45]} {[%emt 00:00:08]} Rxe8 {[%clk 00:17:42]} {[%emt 00:00:07]}
30. c6 {[%clk 00:32:36]} {[%emt 00:00:14]} Rc8 {[%emt 00:04:00]} 31. Rac1
{[%clk 00:32:38]} Rc7 {[%clk 00:13:35]} {[%emt 00:00:20]} 32. Bxa7 {[%clk
00:32:08]} {[%emt 00:00:35]} Nf6 {[%clk 00:11:33]} {[%emt 00:02:06]} 33. Bb6
{[%clk 00:31:59]} {[%emt 00:00:15]} Rc8 {[%clk 00:11:31]} {[%emt 00:00:07]} 34.
c7 {[%clk 00:31:39]} {[%emt 00:00:24]} Nd5 {[%clk 00:11:16]} {[%emt 00:00:20]}
35. Ba5 {[%clk 00:31:06]} {[%emt 00:00:38]} Kf7 {[%clk 00:09:53]} {[%emt
00:01:28]} 36. Red1 {[%clk 00:30:39]} {[%emt 00:00:33]} Ke6 {[%clk 00:09:49]}
{[%emt 00:00:08]} 37. Rc6+ {[%clk 00:29:43]} {[%emt 00:01:01]} Kd7 {[%emt
00:00:19]} 38. Rxg6 {[%emt 00:00:25]} 1-0

[Event "DVM U10 2023"]
[Site "Magdeburg GER"]
[Date "2023.12.28"]
[Round "3"]
[White "Bacakova, Klara"]
[Black "Süßdorf, Can"]
[Result "1-0"]
[Termination "normal"]
[Board "15.2"]
[WhiteElo "1344"]
[BlackElo "928"]
[WhiteClock "00:11:18"]
[BlackClock "00:00:34"]
[WhiteTeam "SG Leipzig"]
[BlackTeam "SC Ramstein-Miesenbach"]
[PlyCount "75"]
[WhiteFideId "34605762"]
[EventCountry "GER"]
[EventRounds "7"]
[EventType "team-swiss"]
[EventDate "2023.12.27"]

1. e4 {[%clk 00:55:09]} {[%emt 00:00:01]} e5 {[%clk 00:55:08]} {[%emt
00:00:01]} 2. Nf3 {[%clk 00:55:06]} {[%emt 00:00:09]} Nc6 {[%clk 00:55:08]}
{[%emt 00:00:05]} 3. Bc4 {[%clk 00:54:59]} {[%emt 00:00:12]} Bc5 {[%clk
00:54:59]} {[%emt 00:00:13]} 4. c3 {[%clk 00:54:52]} {[%emt 00:00:13]} Nf6
{[%clk 00:54:54]} {[%emt 00:00:10]} 5. d3 {[%clk 00:54:48]} {[%emt 00:00:10]}
d6 {[%clk 00:54:40]} {[%emt 00:00:18]} 6. O-O {[%clk 00:54:39]} {[%emt
00:00:13]} Bg4 {[%clk 00:53:36]} {[%emt 00:01:09]} 7. Nbd2 {[%clk 00:53:49]}
{[%emt 00:00:56]} O-O {[%clk 00:53:15]} {[%emt 00:00:24]} 8. Bb3 {[%clk
00:52:24]} {[%emt 00:01:33]} Re8 {[%clk 00:50:31]} {[%emt 00:02:46]} 9. Re1
{[%clk 00:52:03]} {[%emt 00:00:28]} d5 {[%clk 00:45:49]} {[%emt 00:04:46]} 10.
exd5 {[%clk 00:51:00]} {[%emt 00:01:08]} Nxd5 {[%clk 00:45:34]} {[%emt
00:00:20]} 11. Ne4 {[%clk 00:49:52]} {[%emt 00:01:14]} Bb6 {[%clk 00:40:59]}
{[%emt 00:04:39]} 12. Bg5 {[%clk 00:47:13]} {[%emt 00:02:44]} Nde7 {[%clk
00:39:29]} {[%emt 00:01:34]} 13. Bh4 {[%clk 00:46:20]} {[%emt 00:00:59]} Qd7
{[%clk 00:34:39]} {[%emt 00:04:53]} 14. Bg3 {[%clk 00:41:05]} {[%emt 00:05:23]}
Ng6 {[%clk 00:25:04]} {[%emt 00:09:39]} 15. h3 {[%clk 00:38:33]} {[%emt
00:02:37]} Bh5 {[%clk 00:22:48]} {[%emt 00:02:20]} 16. Bh2 {[%clk 00:37:15]}
{[%emt 00:01:24]} Bxf3 {[%clk 00:20:42]} {[%emt 00:02:10]} 17. Qxf3 {[%clk
00:36:55]} {[%emt 00:00:26]} Rad8 {[%clk 00:18:02]} {[%emt 00:02:44]} 18. Rad1
{[%clk 00:36:21]} {[%emt 00:00:41]} Re7 {[%clk 00:16:19]} {[%emt 00:01:47]} 19.
Rd2 {[%clk 00:29:32]} {[%emt 00:06:55]} Qe8 {[%clk 00:11:53]} {[%emt 00:04:27]}
20. Red1 {[%clk 00:25:55]} {[%emt 00:03:47]} Red7 {[%clk 00:11:22]} {[%emt
00:00:35]} 21. Ba4 {[%clk 00:23:55]} {[%emt 00:02:05]} a6 {[%clk 00:09:29]}
{[%emt 00:01:57]} 22. Bg3 {[%clk 00:21:36]} {[%emt 00:02:24]} Ba7 {[%clk
00:07:32]} {[%emt 00:02:02]} 23. Re1 {[%clk 00:19:49]} {[%emt 00:01:53]} b5
{[%clk 00:06:00]} {[%emt 00:01:37]} 24. Bb3 {[%clk 00:19:40]} {[%emt 00:00:13]}
Re7 {[%clk 00:04:46]} {[%emt 00:01:20]} 25. Bh2 {[%clk 00:16:43]} {[%emt
00:03:02]} Rdd7 {[%clk 00:04:09]} {[%emt 00:00:42]} 26. Ng3 {[%clk 00:15:50]}
{[%emt 00:00:58]} Rd6 {[%clk 00:03:44]} {[%emt 00:00:27]} 27. Nf5 {[%clk
00:15:18]} {[%emt 00:00:39]} Rf6 {[%emt 00:00:39]} 28. Nxe7+ {[%clk 00:14:57]}
{[%emt 00:00:11]} Qxe7 {[%clk 00:03:10]} {[%emt 00:00:20]} 29. Qe2 {[%clk
00:14:32]} {[%emt 00:00:30]} Re6 {[%clk 00:02:32]} {[%emt 00:00:43]} 30. Bxe6
{[%clk 00:14:32]} {[%emt 00:00:05]} Qxe6 {[%clk 00:02:28]} {[%emt 00:00:09]}
31. Qf3 {[%clk 00:14:03]} {[%emt 00:00:34]} h6 {[%clk 00:02:18]} {[%emt
00:00:15]} 32. d4 {[%clk 00:13:37]} {[%emt 00:00:32]} f6 {[%clk 00:01:56]}
{[%emt 00:00:27]} 33. dxe5 {[%clk 00:13:09]} {[%emt 00:00:33]} fxe5 {[%clk
00:01:37]} {[%emt 00:00:12]} 34. Qd5 {[%clk 00:13:01]} {[%emt 00:00:26]} Qxd5
{[%clk 00:01:20]} {[%emt 00:00:21]} 35. Rxd5 {[%clk 00:13:00]} {[%emt
00:00:06]} Kh7 {[%clk 00:01:12]} {[%emt 00:00:13]} 36. Re4 {[%clk 00:12:18]}
{[%emt 00:00:46]} Bb6 {[%clk 00:00:52]} {[%emt 00:00:26]} 37. Bg3 {[%clk
00:11:40]} {[%emt 00:00:43]} Ba7 {[%clk 00:00:34]} {[%emt 00:00:23]} 38. Kf1
{[%clk 00:11:18]} {[%emt 00:00:26]} 1-0